| 000 | 00914cam a2200277 a 4500 | ||
|---|---|---|---|
| 001 | 15640019 | ||
| 005 | 20241106185653.0 | ||
| 008 | 090226s2009 maua b 001 0 eng | ||
| 020 | _a9780262033848 (hardcover : alk. paper) | ||
| 020 | _a0262033844 (hardcover : alk. paper) | ||
| 020 | _a9780262533058 (pbk. : alk. paper) | ||
| 020 | _a0262533057 (pbk. : alk. paper) | ||
| 050 | 0 | 0 |
_aQA76.6 _b.C662 2009 |
| 082 | 0 | 0 |
_a005.1 _222 |
| 100 | _aCormen, Thomas H. | ||
| 245 | 0 | 0 |
_aIntroduction to algorithms / _cThomas H. Cormen, Charles E. Leiserson, Ronald L. Rivest & Clifford Stein |
| 250 | _a3rd ed. | ||
| 260 |
_aCambridge, Mass. : _bMIT Press, _cc2009. |
||
| 300 |
_axix, 1292 p. : _bill. ; _c24 cm. |
||
| 650 | 0 | _aComputer programming. | |
| 650 | 0 | _aComputer algorithms. | |
| 700 | 1 | _aLeiserson, Charles E. | |
| 700 | 1 | _aRivest, Ronald L. | |
| 700 | 1 | _aStein, Clifford | |
| 942 |
_2lcc _cBK _e3rd Ed. _n0 |
||
| 999 |
_c753 _d753 |
||